Ökonomisches Grundgesetz und Sozialpolitik

Salvato in:
Dettagli Bibliografici
Altri autori: Bernard, Josef, Fleck, Rolf
Natura: Libro
Lingua:tedesco
Pubblicazione: Halle Martin-Luther-Universität 1979
Tags: Aggiungi Tag
Nessun Tag, puoi essere il primo ad aggiungerne!!

MARC

LEADER 00000nam a2200000 4500
001 0222750
005 20240822101701.7
041 0 |a ger 
044 |a DE 
245 1 0 |a Ökonomisches Grundgesetz und Sozialpolitik  |c herausgegeben von: Josef Bernard, Rolf Fleck 
264 1 |a Halle  |b Martin-Luther-Universität  |c 1979 
300 |a 291 s. 
700 1 |a Bernard, Josef 
700 1 |a Fleck, Rolf